مبادئ الخدمة المدنية وتطبيقاتها في السعودية / (رقم التسجيلة. 29774)

تفاصيل مارك
000 -الفاتح
حقل البيانات ثابتة الطول 00656nam a22001817a 4500
003 - محدد رقم الضبط
رقم الضبط OSt
005 - وقت وتاريخ اخر تعامل مع التسجيلة
رقم الضبط 20150408114132.0
008 - عناصر البيانات ثابتة الطول - معلومات عامة
حقل البيانات ثابتة الطول 130416n20uu su ||||g |||| 00| 0 ara d
040 ## - مصدر الفهرسة
وكالة الفهرسة الأصلية MU
لغة الفهرسة ara
082 04 - رقم تصنيف ديوى العشرى
رقم الطبعة 21
رقم التصنيف 351.1009531
رقم المادة س ع م
100 1# - المدخل الرئيسى - إسم شخصى
الإسم الشخصى السنيدي، عبد الله بن راشد
245 10 - بيان العنوان
العنوان مبادئ الخدمة المدنية وتطبيقاتها في السعودية /
بيان المسئوليه,etc عبد الله راشد السنيدي.
250 ## - بيان الطبعة
بيان الطبعة ط. 35.
260 ## - PUBLICATION, DISTRIBUTION, ETC. (IMPRINT)
مكان الناشر او الموزع الرياض :
اسم الناشر او الموزع مكتبة القانون والاقتصاد،
تاريخ النشر أو التوزيع [20--
-- 14--]
300 ## - الوصف المادى
التعداد ص.
650 #4 - المدخل الاضافى بالموضوع-مصطلح موضوعى
مصطلح موضوعي أو اسم جغرافي كعنصر مدخل الخدمة المدنية
التقسيم الفرعي الجغرافي السعودية
9 (RLIN) 2732
942 ## -
-- ddc
-- BOOK
999 ## -
-- 29774
-- 264274

لا توجد مواد متاحة.